El derecho a la información : relación entre medios, público y periodistas /
Guardado en:
| Autor Principal: | |
|---|---|
| Formato: | Libro |
| Publicado: |
Buenos Aires :
Paidós
|
| Series: | Estudios de comunicación; No. 3
|
| Materias: | |
| Etiquetas: |
Agregar Etiqueta
Sin Etiquetas, Sea el primero en etiquetar este registro!
|
| LEADER | 01153nam a22002295a 4500 | ||
|---|---|---|---|
| 001 | CEM.cems011145 | ||
| 005 | 20071119155508.0 | ||
| 008 | 130507b######################000#0#####d | ||
| 003 | CEMS | ||
| 020 | |a 9501227030 | ||
| 082 | 0 | 4 | |a 301.158 |
| 100 | 1 | |a Loreti, Damian M. | |
| 245 | 1 | 0 | |a El derecho a la información : |b relación entre medios, público y periodistas / |c Damián M. Loreti |
| 260 | |a Buenos Aires : |b Paidós | ||
| 300 | |a 246 p. | ||
| 490 | 0 | |a Estudios de comunicación; No. 3 | |
| 505 | 0 | |a Derecho a la información -- Sobre periodismo y periodistas -- Cláusulas profesionales protectoras del ejercicio -- Resposabilidad de la prensa -- Derecho a réplica -- Radiodifusión como expresión de la libertad de prensa y del derecho a la información -- Constituciones provinciales. Artículos pertinentes al derecho a la información -- Códigos de ética -- Hechos que afectaron a la prensa. 1992-1993 -- Resoluciones y normas diversas | |
| 653 | |a Periodismo | ||
| 653 | |a Información-acceso a la | ||
| 653 | |a Medios masivos de comunicación | ||
| 653 | |a Opinión pública | ||
| 859 | |a CEMS |b BIB. CEMS - 11 de abril |h 301.158 |i L887 |p 21958.03 |t Ej.1 | ||
